1772 1877 1301 1038 1092 1615 1872 1624 1028 1110 1319 1749 1664 1983 1659 1259 1287 1745 1190 1820 1753 1040 1940 1782 1269 1197 1314 1532 1630 1740 1763 1721 1134 1639 1248 1609 1894 1626 1314 1801 1299 1171 1944 1592 1219 1863 1330 1032 1048 1791 1130 1297 1048 1856 1331 1946 1654 1243 1821 1171 1167 1021 1618 1963 1725 1962 1152 1879 1182 1563 1391 1143 1625 1643 1222 1486 1849 1888 1561 1131 1603 1140 1352 1957 1753 1048 1026 1188 1579 1098 1646 1191 1090 1960 1929 1937 1183 1287 1095 BCNSPRNW ULIB Ver.6.0+V

เปลี่ยนเป็นภาษาไทย

Change to English
 แสดงรายละเอียดบรรณานุกรม
  กลับหน้าหลัก

Brief Record : Get Marc (ISO 2709) : E-mail record : QR code < ปิดหน้าต่าง
LEADER : 00000nam 2200000uu 4500
001    13399110767
003     ULIB
008    110608s2552||||th 000 0 tha d
020    9786165290111
060 04 WS105.5.F2^bม964ม 2552
100 1  นิโคลส์, ไมเคิล พี.
245 10 เมื่อลูกเป็นเด็กจอมเถียง /^cไมเคิล พี. นิโคลส์ เขียน ;ชิดชนก ทองใหญ่ ณ อยุธยา แปลและเรียบเรียง
250    พิมพ์ครั้งที่ 1
260    กรุงเทพฯ :^bอมรินทร์สุขภาพ,^c2552
300    265 หน้า
650  7 เด็ก^xการเลี้ยงดู
650  7 บิดามารดาและบุตร
650  7 การสื่อสารในครอบครัว
650  7 การฟัง
710 20 ชิดชนก ทองใหญ่ ณ อยุธยา,^eผู้แปล
945    ^p215^l0^i027190
945    ^p215^l0^i027189
995    ทศพร
999 ^a ใช้งานได้ทุกระบบ
รายการนี้ยังไม่มีแท็ก
คุณยังไม่ได้ล็อกอิน คุณสามารถมีกิจกรรมร่วมกับเว็บไซต์ได้ แต่ต้องล็อกอินก่อน ::
  ล็อกอิน

รายการสื่อสารสนเทศ

ลำดับที่ ประเภท เลขเรียก/บาร์โค้ด สถานที่ สถานะ
- ไม่พบข้อมูล -

รายการใกล้เคียง
    ผู้แต่ง [นิโคลส์, ไมเคิล พี.]

    หัวเรื่อง [บิดามารดาและบุตร]
    หัวเรื่อง [การสื่อสารในครอบครัว]
    หัวเรื่อง [การฟัง]

BibComment


ยังไม่เคยถูกคอมเมนท์

คอมเมนท์ทรัพยากรรายการนี้
  คอมเมนท์: เมื่อลูกเป็นเด็กจ..


 Copyright 2026. Bcnsprnw @Library